1018 1456 1604 1067 1755 1892 1299 1069 1616 1930 1409 1637 1701 1429 1311 1955 1753 1679 1230 1192 1616 1894 1105 1213 1389 1428 1332 1344 1199 1868 1186 1840 1232 1296 1266 1448 1573 1798 1304 1400 1154 1492 1893 1520 1609 1603 1209 1735 1963 1905 1518 1111 1694 1770 1920 1692 1998 1560 1020 1983 1468 1425 1028 1118 1189 1220 1376 1799 1239 1068 1738 1232 1945 1624 1872 1594 1192 1016 1178 1212 1158 1075 1764 1604 1442 1162 1433 1914 1186 1343 1144 1397 1957 1558 1549 1502 1203 1240 1452 BCNSPRNW ULIB Ver.6.0+V

เปลี่ยนเป็นภาษาไทย

Change to English
 แสดงรายละเอียดบรรณานุกรม
  กลับหน้าหลัก

Brief Record : Get Marc (ISO 2709) : E-mail record : QR code < ปิดหน้าต่าง
LEADER : 00000nam 2200000uu 4500
001    13399125516
003     ULIB
008    170621s2558||||th 000 0 tha d
020    ^a9786169245100
060 04 ^aWL368^bก728ป
245 00 ^aประสาทศัลยศาสตร์ปริทัศน์ =^bNeurosurgical review /^cบรรณาธิการ,กุลพัฒน์ วีรสาร
246 31 ^aNeurosurgical review
250    ^aพิมพ์ครั้งที่ 1
260    ^aกรุงเทพฯ :^bราชวิทยาลัยประสาทศัลยแพทย์แห่งประเทศไทย,^c2558
300    ^a200 หน้า :^bภาพประกอบ ;^c21 ซม.
505 0  ^aPituitary Apoplexy ... Manament of Closed Head Injury ... Emergency Treatment of Brain Tumor ... Brain Death Declaration & Pitfall ... Brain Abcess ... Subdural Empyema ... ภาวะเลือดออกในไขสันหลัง (Spinal Cord Hematoma or Hematomyelia) ... Acute Interrention of Lumpar Disc Disease ... Penetrating Brain Injury ... Approach to Coma
650  2 ^aNeurosurgery
650  7 ^aประสาทศัลยศาสตร์
700 0  ^aกุลพัฒน์ วีรสาร,^eบรรณาธิการ
710 2  ^aราชวิทยาลัยประสาทศัลยแพทย์แห่งประเทศไทย
856    ^a^zTable of Contents (Content)^uhttp://118.174.31.60:80/ULIB//_fulltext/Content/129208/20161018094822_1655.pdf
945    ^p0^l0^i002351
945    ^p0^l0^i002352
945    ^p0^l0^i002353
999    ^aวรรณษา ชูชัยมงคล
รายการนี้ยังไม่มีแท็ก
คุณยังไม่ได้ล็อกอิน คุณสามารถมีกิจกรรมร่วมกับเว็บไซต์ได้ แต่ต้องล็อกอินก่อน ::
  ล็อกอิน

รายการสื่อสารสนเทศ

ลำดับที่ ประเภท เลขเรียก/บาร์โค้ด สถานที่ สถานะ
1. วิทยาศาสตร์การแพทย์ และสุขภาพ
วิทยาศาสตร์การแพทย์ และสุขภาพ
สถานะ=หนังสือเก่า
WL368 ก728ป ฉ.1 
  Barcode: 002351
ห้องสมุดวิทยาเขตสวรรค์ประชารักษ์
►ส่วนจัดเก็บหนังสือเก่า สปร
บนชั้น
  ขอยืม
2. วิทยาศาสตร์การแพทย์ และสุขภาพ
วิทยาศาสตร์การแพทย์ และสุขภาพ
WL368 ก728ป ฉ.2 
  Barcode: 002352
ห้องสมุดวิทยาเขตสวรรค์ประชารักษ์
►หนังสือทั่วไป
บนชั้น
3. วิทยาศาสตร์การแพทย์ และสุขภาพ
วิทยาศาสตร์การแพทย์ และสุขภาพ
WL368 ก728ป ฉ.3 
  Barcode: 002353
ห้องสมุดวิทยาเขตสวรรค์ประชารักษ์
►หนังสือทั่วไป
บนชั้น

BibComment


ยังไม่เคยถูกคอมเมนท์

คอมเมนท์ทรัพยากรรายการนี้
  คอมเมนท์: ประสาทศัลยศาสตร์..


 Copyright 2026. Bcnsprnw @Library